Filipinas por España : narración episódica de la rebelión en el archipiélago filipino / por Emilio Revertér Delmas ; ilustrada por Francisco Pons narración episódica de la rebelión en el archipiélago filipino / por Emilio Revertér Delmas ; ilustrada por Francisco Pons
Descripción Física:
v. ; 28 cm
Otros Autores:
Pons, Francisco, il
MARC
| LEADER | 00000nam a2200000Ia 4500 | ||
|---|---|---|---|
| 001 | 14369 | ||
| 008 | 160829s1897 - [1900] xx 000 0 cat d | ||
| 080 | |a H-2-148 | ||
| 100 | |a Revertér Delmas, Emilio |9 30402 | ||
| 245 | |a Filipinas por España : |b narración episódica de la rebelión en el archipiélago filipino / por Emilio Revertér Delmas ; ilustrada por Francisco Pons | ||
| 260 | |a Barcelona : |b Centro Ed. de Alberto Martín, |c 1897 - [1900] | ||
| 300 | |a v. ; |c 28 cm | ||
| 650 | |a Filipines |x Història |x 1896/1898, Revolució |x Narracions |9 30403 | ||
| 650 | |a Filipines |x Descripcions i viatges |9 30404 | ||
| 650 | |a Cultura filipina |9 30405 | ||
| 700 | |a Pons, Francisco, il. |9 30406 | ||
| 866 | |a 1 | ||
| 901 | |a Arxiu | ||
| 942 | |n 1 | ||
| 952 | |0 0 |1 0 |4 0 |6 H2148 |7 1 |9 45401 |a Arxiu |b Arxiu |d 2016-12-01 |l 0 |o H-2-148 |p 14369 |r 2016-12-01 00:00:00 |w 2016-12-01 |y ARXIU | ||
| 999 | |c 48508 |d 48508 | ||